[Event "Sitges op 45th"]
[Site "Sitges"]
[Date "2019.07.30"]
[Round "9"]
[White "Niklesh, Kumar Jain"]
[Black "Noria Silvestre, Joaquin"]
[Result "1/2-1/2"]
[WhiteElo "1985"]
[BlackElo "2242"]
[PlyCount "79"]
[EventDate "2019.07.22"]
[EventType "swiss"]
[EventRounds "9"]
[EventCountry "ESP"]
[SourceTitle "CBM 191 Extra"]
[Source "ChessBase"]
[SourceDate "2019.09.30"]
[SourceVersion "1"]
[SourceVersionDate "2019.09.30"]
[SourceQuality "1"]

1. e4 d6 2. Nf3 g6 3. g3 Nf6 4. c3 Bg7 5. Bg2 0-0 6. d3 c5 7. 0-0 Nc6 8. Re1 Rb8 9. a4 a6 10. d4 e5 11. d5 Ne7 12. a5 Nd7 13. Nbd2 b5 14. axb6 Nxb6 15. Bf1 Ra8 16. Nc4 Bg4 17. Ne3 Bxf3 18. Qxf3 a5 19. Bh3 Kh8 20. g4 Ng8 21. Kh1 Bh6 22. Rg1 Bf4 23. Ng2 g5 24. Ne3 Ne7 25. Bf1 Bxe3 26. Qf6+ Kg8 27. Bxe3 Ng6 28. Qxd8 Rfxd8 29. Bxg5 Rf8 30. h4 Kg7 31. h5 f6 32. Be3 Nf4 33. Kh2 Kh6 34. Kg3 Kg5 35. Rh1 Kh6 36. Bb5 a4 37. Ra2 Ra5 38. c4 f5 39. gxf5 Rf6 40. Bxf4+ 1/2-1/2

[Event "Medellin Flores op 25th"]
[Site "Medellin"]
[Date "2018.08.04"]
[Round "2"]
[White "Blandon, Luis Guillermo"]
[Black "Niklesh, Kumar Jain"]
[Result "1-0"]
[WhiteElo "2228"]
[BlackElo "1975"]
[PlyCount "57"]
[EventDate "2018.08.03"]
[EventType "swiss"]
[EventRounds "9"]
[EventCountry "COL"]
[SourceTitle "CBM 185 Extra"]
[Source "ChessBase"]
[SourceDate "2018.07.29"]
[SourceVersion "1"]
[SourceVersionDate "2018.07.29"]
[SourceQuality "1"]

1. e4 c5 2. Nf3 Nc6 3. d4 cxd4 4. Nxd4 g6 5. Nc3 Bg7 6. Be3 Nf6 7. Bc4 0-0 8. Bb3 Ng4 9. Qxg4 Nxd4 10. Qd1 Nxb3 11. axb3 a6 12. Bd4 Bh6 13. h4 d6 14. Nd5 Be6 15. Nb6 Rb8 16. h5 Bg7 17. Bxg7 Kxg7 18. Qd4+ f6 19. 0-0-0 Qc7 20. Rd3 Qc5 21. Qxc5 dxc5 22. Rc3 Rbd8 23. Rxc5 Rd6 24. Nd5 Bxd5 25. Rxd5 Rxd5 26. exd5 Rc8 27. c4 b5 28. Kb1 Rc7 29. Rh4 1-0

[Event "Barcelona Sant Marti op-A 19th"]
[Site "Barcelona"]
[Date "2017.07.21"]
[Round "9.56"]
[White "Perez Garcia, Adria"]
[Black "Niklesh, Kumar Jain"]
[Result "1-0"]
[WhiteElo "2123"]
[BlackElo "1822"]
[PlyCount "77"]
[EventDate "2017.07.13"]
[EventType "swiss"]
[EventRounds "9"]
[EventCountry "ESP"]
[SourceTitle "EXT 2018"]
[Source "ChessBase"]
[SourceDate "2017.10.13"]
[SourceVersion "1"]
[SourceVersionDate "2017.10.13"]
[SourceQuality "1"]

1. d4 Nf6 2. c4 e6 3. Nf3 d5 4. e3 b6 5. b3 Bb7 6. Bb2 Bb4+ 7. Bc3 Bxc3+ 8. Nxc3 0-0 9. Bd3 c5 10. dxc5 bxc5 11. 0-0 Nc6 12. Na4 Qe7 13. cxd5 exd5 14. Rc1 Ne4 15. Nd2 Nb4 16. Bb1 Rac8 17. a3 Na6 18. Bxe4 dxe4 19. Qe2 Rfd8 20. Rfd1 Rd3 21. Nb2 Rd6 22. Ndc4 Rg6 23. g3 Rf8 24. Rd2 Bc8 25. Qh5 f5 26. Rcd1 Rh6 27. Qe2 Nc7 28. Rd6 Rxd6 29. Rxd6 Rd8 30. Rxd8+ Qxd8 31. Kf1 Ba6 32. Ke1 Qf6 33. Qd2 Bxc4 34. Nxc4 Qe7 35. Qd6 Kf8 36. Qc6 g6 37. Nd6 Qe5 38. Qxc7 Qa1+ 39. Ke2 1-0

[Event "World Amateur-ch"]
[Site "Iasi"]
[Date "2013.04.28"]
[Round "7"]
[White "Niklesh, Kumar Jain"]
[Black "Marinescu, Stefan"]
[Result "0-1"]
[WhiteElo "1910"]
[BlackElo "1967"]
[PlyCount "106"]
[EventDate "2013.04.22"]
[EventType "swiss"]
[EventRounds "9"]
[EventCountry "ROU"]
[SourceTitle "CBM 154 Extra"]
[Source "ChessBase"]
[SourceDate "2013.06.25"]
[SourceVersion "2"]
[SourceVersionDate "2013.06.25"]
[SourceQuality "1"]

1. Nf3 Nf6 2. g3 d5 3. Bg2 c5 4. d3 Nc6 5. Nbd2 e5 6. e4 Be7 7. 0-0 0-0 8. Re1 d4 9. Nc4 Qc7 10. a4 Ne8 11. h3 Be6 12. Ncd2 Nd6 13. b3 a6 14. Ba3 Nc8 15. Nf1 b5 16. Bc1 Nb6 17. g4 bxa4 18. bxa4 a5 19. Ng3 Nb4 20. Nf5 f6 21. h4 c4 22. Bf1 cxd3 23. Bxd3 Na2 24. Bd2 Bb4 25. Re2 Rfc8 26. Qf1 Nxa4 27. Rxa2 Bxa2 28. Qa1 Qf7 29. Bxb4 axb4 30. Nd6 Qe6 31. Nxc8 Rxc8 32. Nh2 Nc3 33. Re1 Bc4 34. Qb2 Bxd3 35. cxd3 b3 36. f3 Ra8 37. Ra1 Ra2 38. Rxa2 bxa2 39. Qb8+ Kf7 40. Qb7+ Qe7 41. Qa8 g6 42. g5 fxg5 43. Ng4 gxh4 44. Qa5 Kg7 45. Kh2 h5 46. Nxe5 a1Q 47. Qxa1 Qxe5+ 48. Kh1 Qf6 49. Qa7+ Kh6 50. f4 Qxf4 51. Qxd4 Qf3+ 52. Kg1 Qg3+ 53. Kh1 Qh3+ 0-1

[Event "Dhaka Six Seasons"]
[Site "Dhaka"]
[Date "2013.03.26"]
[Round "5"]
[White "Mohammed Abdul, Malek"]
[Black "Niklesh, Kumar Jain"]
[Result "1/2-1/2"]
[WhiteElo "2228"]
[BlackElo "1902"]
[PlyCount "90"]
[EventDate "2013.03.22"]
[EventType "tourn"]
[EventRounds "9"]
[EventCountry "BAN"]
[SourceTitle "CBM 153 Extra"]
[Source "ChessBase"]
[SourceDate "2013.04.22"]
[SourceVersion "1"]
[SourceVersionDate "2013.04.22"]
[SourceQuality "1"]

1. d4 d5 2. c4 e6 3. Nc3 c6 4. Nf3 dxc4 5. a4 Bb4 6. e3 b5 7. Ne5 Qe7 8. Bd2 a5 9. axb5 Bxc3 10. Bxc3 cxb5 11. b3 Bb7 12. bxc4 b4 13. Qa4+ Nd7 14. Bb2 Ngf6 15. c5 0-0 16. Nxd7 Nxd7 17. Bb5 Nb8 18. 0-0 Bc6 19. Rfe1 Qb7 20. Bxc6 Nxc6 21. e4 Rfd8 22. Red1 Ne7 23. f3 Ra6 24. Rd3 Qd7 25. Qxd7 Rxd7 26. d5 f6 27. Rad1 exd5 28. exd5 a4 29. c6 Nxc6 30. dxc6 Rxd3 31. Rxd3 Rxc6 32. Rd4 a3 33. Rxb4 axb2 34. Rxb2 Rc7 35. Kf2 Kf7 36. Ke3 h5 37. h4 Rc4 38. Rb7+ Kg6 39. g3 Rc3+ 40. Ke4 Rc4+ 41. Kd3 Ra4 42. Rb3 Kf5 43. Ke3 Rc4 44. Ra3 Rb4 45. Ra5+ Kg6 1/2-1/2